01166nam a2200301Ia 4500001001200000003000800012006001900020007001500039008004100054010001700095020001500112020001800127040002100145035002100166050002300187082001700210100002900227245008900256260005600345300002500401504005100426533015200477650003500629650002800664655002900692710001700721856012600738ebr10379936CaPaEBRm u cr cn|||||||||060508s2007 maua sb 001 0 eng d z 2006927130 z1598633155 z9781598633153 aCaPaEBRcCaPaEBR a(OCoLC)64617714414aTR581b.H37 2007eb04a770.23/22221 aHarrington, John,d1966-10aBest business practices for photographersh[electronic resource] /cJohn Harrington. aBoston, Mass. :bThomson Course Technology,cc2007. axxii, 330 p. :bill. aIncludes bibliographical references and index. aElectronic reproduction.bPalo Alto, Calif. :cebrary,d2010.nAvailable via World Wide Web.nAccess may be limited to ebrary affiliated libraries. 0aPhotographyxBusiness methods. 0aCommercial photography. 7aElectronic books.2local2 aebrary, Inc.40uhttp://site.ebrary.com/lib/rucke/Doc?id=10379936zAn electronic book accessible through the World Wide Web; click to view